Stories from the Bible : Old and New Testament / adapted by Claudia Vurnakes and Mitsu Yamamoto ; illustrated by Lloyd Birmingham.
Record details
- ISBN: 0866119264
- Physical Description: 240 pages : illustrations ; 21 cm.
- Publisher: New York : Baronet Books, 1990.
Search for related items by subject
| Subject: | Bible stories > Juvenile literature. Bible stories. |
Search for related items by series
Available copies
- 1 of 1 copy available at scottsboropl.
Holds
- 0 current holds with 1 total copy.
Show Only Available Copies
| Location | Call Number / Copy Notes | Barcode | Shelving Location | Status | Due Date |
|---|---|---|---|---|---|
| scottsboropl | J 220.9 Sto | 32269000675119 | Juvenile - NonFiction | Available | - |
| LDR | 00901cam a2200229 a 4500 | ||
|---|---|---|---|
| 001 | 125877 | ||
| 003 | CONS | ||
| 005 | 20140703073303.0 | ||
| 008 | 930914s1990 nyua j 000 0 eng u | ||
| 020 | . | ‡a0866119264 | |
| 035 | . | ‡a(CPomAG)LMN492719 | |
| 100 | 1 | . | ‡aVurnakes, Claudia. |
| 245 | 1 | 0. | ‡aStories from the Bible : ‡bOld and New Testament / ‡cadapted by Claudia Vurnakes and Mitsu Yamamoto ; illustrated by Lloyd Birmingham. |
| 260 | . | ‡aNew York : ‡bBaronet Books, ‡c1990. | |
| 300 | . | ‡a240 pages : ‡billustrations ; ‡c21 cm. | |
| 440 | 0. | ‡aGreat illustrated classics | |
| 650 | 0. | ‡aBible stories ‡vJuvenile literature. | |
| 650 | 1. | ‡aBible stories. | |
| 700 | 1 | . | ‡aYamamoto, Mitsu. |
| 700 | 1 | . | ‡aBirmingham, Lloyd. |
| 959 | . | ‡i32269000675119 ‡lJ220.9 Classics ‡aJuvenile - NonFiction ‡tJuv Nonfiction ‡g9.95 | |
| 852 | . | ‡p32269000675119 ‡jJ220.9 Classics ‡gJuvenile - NonFiction ‡cJuv Nonfiction ‡y9.95 ‡bSBPL | |
| 901 | . | ‡a125877 ‡bUnknown ‡c125877 ‡tbiblio | |